000 00654nam a2200229 i 4500
001 8886
003 ES-MaACL
005 20250830053811.0
007 t|
008 921111s1992 sp |||| | spa d
020 _a84-87264-08-5
080 _a23"19"
080 _a266:282(46:8.03)
100 1 _aGirardi, Giulio.
_957231
245 1 3 _aLa Conquista, ¿con qué derecho? /
_cGiulio Girardi.
260 _aMadrid :
_bNueva Utopía,
_c[1992]
300 _a339 p. ;
_c21 cm.
650 1 7 _aTeología de la liberación
_2embne
_917466
650 1 4 _aEvangelización-
_zAmérica española.
_9166787
852 _aES-MaACL
_jL-16269
999 _c8886
_d8886